00463nam a2200157Ia 450000500170000000800410001708200130005810000180007124500170008926000570010630000120016365000100017594200060018595200990019199900150029020250320060857.0240331s9999 xx 000 0 und d bMURa894 aMurugaiyan, R 0aAthu-avarhal aSri LankabNational Art & Literary Associationc1986 a42 p ., apoems cL 001040708LaWERCLbWERCLcSSCd2024-03-31l0o 894.811 MURp2372r2024-03-31w2024-03-31yL c4049d4049